The leadership experience

Gorde:
Xehetasun bibliografikoak
Egile nagusia:  Daft, Richard L
Formatua: Sách
Hizkuntza:Undetermined
Argitaratua:  Cengage Learning  2015
Gaiak:
Etiketak: Etiketa erantsi
Etiketarik gabe, Izan zaitez lehena erregistro honi etiketa jartzen!
Thư viện lưu trữ: Trung tâm Thư viện - Trường Đại học Công nghiệp TP. Hồ Chí Minh
LEADER 00490nam a2200157Ia 4500
001 UIH_02684
008 231011s9999 xx 000 0 und d
082 |a  658.4 
100 |a  Daft, Richard L 
245 0 |a  The leadership experience 
245 0 |c  Daft, Richard L 
260 |b  Cengage Learning 
260 |c  2015 
650 |a  Leadership; Khả năng lãnh đạo;  
927 |a Sách 
980 |a Trung tâm Thư viện - Trường Đại học Công nghiệp TP. Hồ Chí Minh